Az erdő királya a teremtés káoszában

Elmentve itt :
Bibliográfiai részletek
Szerző: Burić Igor
További közreműködők: Orcsik Roland
Tišma Slobodan
Dokumentumtípus: Cikk
Megjelent: Pompeji Alapítvány Szeged 2004
Sorozat:Fosszília
Kulcsszavak:Szerb irodalom története
Tárgyszavak:
Online Access:http://acta.bibl.u-szeged.hu/8718
LEADER 00750nab a2200229 i 4500
001 acta8718
005 20240426135248.0
008 161015s2004 hu o 000 hun d
022 |a 1586-0116 
040 |a SZTE Egyetemi Kiadványok Repozitórium  |b hun 
041 |a hun 
100 1 |a Burić Igor 
245 1 3 |a Az erdő királya a teremtés káoszában  |h [elektronikus dokumentum] /  |c  Burić Igor 
260 |a Pompeji Alapítvány  |b Szeged  |c 2004 
300 |a 95-97 
490 0 |a Fosszília 
650 4 |a Bölcsészettudományok 
650 4 |a Nyelvek és irodalom 
695 |a Szerb irodalom története 
700 0 1 |a Orcsik Roland 
700 0 1 |a Tišma Slobodan 
856 4 0 |u http://acta.bibl.u-szeged.hu/8718/1/fosszilia_2004_3_095-097.pdf  |z Dokumentum-elérés